| 000 | 00827cam a2200289Ia 4500 | ||
|---|---|---|---|
| 999 |
_c53 _d53 |
||
| 001 | 12887222 | ||
| 003 | OCoLC | ||
| 005 | 20180806165815.0 | ||
| 008 | 851209r19851978cou b 000 0 eng d | ||
| 010 | _a 85061496 | ||
| 020 | _a0891094679 | ||
| 020 | _a9780891094678 | ||
| 035 | _a(OCoLC)12887222 | ||
| 040 |
_aWBS _beng _cWBS _dYDXCP _dOCLCQ _dOCLCF _dOCLCO |
||
| 050 | 4 |
_aBT767 _b.B83 1985 |
|
| 082 | 0 | 4 |
_a248.4 _bB851pu |
| 092 | 0 |
_a248.4 _bB851P |
|
| 100 | 1 | _aBridges, Jerry. | |
| 245 | 1 | 4 |
_aThe pursuit of holiness / _cJerry Bridges. |
| 260 |
_aColorado Springs : _bNavpress, _c1985, c1978. |
||
| 300 |
_a158 p. ; _c19 cm. |
||
| 490 | 1 | _aThe Christian character library | |
| 504 | _aIncludes bibliographical references. | ||
| 650 | 0 |
_aHoliness. _xchristian |
|
| 830 | 0 | _aChristian character library. | |
| 942 |
_2ddc _cBK |
||